Govt. of
Madhya Pradesh

The Dawn (Record no. 1006)

MARC details
000 -LEADER
fixed length control field 003440000a22001570004500
001 - CONTROL NUMBER
control field 001010
003 - CONTROL NUMBER IDENTIFIER
control field MACL
040 ## - CATALOGING SOURCE
Original cataloging agency MACL
090 ## - LOCALLY ASSIGNED LC-TYPE CALL NUMBER (OCLC); LOCAL CALL NUMBER (RLIN)
-- 1010
-- 1010
100 ## - MAIN ENTRY--PERSONAL NAME
Personal name Mukherjee, Satis Chandra
245 ## - TITLE STATEMENT
Title The Dawn
Statement of responsibility, etc. Satis Chandra Mukherjee
260 ## - PUBLICATION, DISTRIBUTION, ETC. (IMPRINT)
Place of publication, distribution, etc. Naba Bharati Bhaaban,
Date of publication, distribution, etc. 1999
350 ## - PRICE (NR) (BK AM CF MU VM SE) [OBSOLETE]
Price 350
650 ## - SUBJECT ADDED ENTRY--TOPICAL TERM
Topical term or geographic name as entry element Journalism
942 ## - ADDED ENTRY ELEMENTS (KOHA)
Call number prefix 70
Koha item type Library Membar
Holdings
Withdrawn status Lost status Source of classification or shelving scheme Damaged status Not for loan Home library Current library Date acquired Cost, normal purchase price Total Checkouts Full call number Barcode Date last seen Uniform Resource Identifier Price effective from Koha item type
          MACL MACL 01/07/2015 350.00   070/MUK CRE013107 02/05/2024 1009 15/04/2015 Books